000 00782cam a2200265 a 4500
001 146209
003 OSt
005 20180921
008 0000002006 dr 0000000000 00
245 _aDecreto no. 316-06 sobre los reglamentos generales de los bomberos
260 _aSanto Domingo :
_b[s. n.
300 _a16 p.
650 _aBomberos
040 _aDLC
_cDLC
942 _2ddc
_cBK
999 _c146209
_d14620900